| 000 | 01404cam a2200337 i 4500 | ||
|---|---|---|---|
| 001 | 13282 | ||
| 003 | Mx-PuUPA | ||
| 005 | 20240410103501.0 | ||
| 008 | 140415s1968 mx gre 000 0 spa d | ||
| 040 |
_aMx-PuUPA _bspa _cMx-PuUPA _dMx-PuUPA _erda |
||
| 041 | 1 |
_aspa _heng |
|
| 100 | 1 |
_aThomas, Ann Van Wynen, _d1919 _eautor _912520 |
|
| 240 | 1 | 4 |
_aThe organization of American States. _lEspañol |
| 245 | 1 | 4 |
_aLas organización de los Estados Americanos / _cAnn Van Wynen Thomas, A.J. Thomas, Jr. ; traducción al español por Armando Arrangoiz |
| 250 | _aPrimera edición | ||
| 264 | 1 |
_aMéxico, D.F. : _bUnión Tipográfica Editorial Hispano Americana, _c©1968 |
|
| 300 |
_axiii, 692 páginas ; _c23 cm. |
||
| 336 |
_2rdacontent _atexto _btxt |
||
| 337 |
_2rdamedia _asin medio _bn |
||
| 338 |
_2rdacarrier _avolumen _bnc |
||
| 650 | 7 |
_aOrganización de los Estados Americanos (Washington) _2armarc |
|
| 650 | 7 |
_aPanamericanismo _2armarc |
|
| 650 | 7 |
_aPolítica internacional _2armarc |
|
| 650 | 7 |
_aOrganismos internacionales, _2armarc |
|
| 700 | 1 |
_aThomas, A.J., Jr. _eautor |
|
| 700 | 1 |
_aArrangoiz, Armando, _etraductor |
|
| 765 | 0 | 8 |
_aThomas, Ann Van Wynen, 1919 _dEE. UU. : Sothern Methodist University, [Fecha de publicación no identificado] _tThe organization of American States. |
| 942 |
_2ddc _cLI _h341.187 _iT445 |
||
| 999 |
_c13282 _d13282 |
||